Cytogenetics and plant breeding / (Record no. 756491)
[ view plain ]
| 000 -LEADER | |
|---|---|
| fixed length control field | 00349nam a22001337a 4500 |
| 020 ## - INTERNATIONAL STANDARD BOOK NUMBER | |
| ISBN | 9789355241146 |
| 082 ## - DEWEY DECIMAL CLASSIFICATION NUMBER | |
| Classification number | 576.5 CHO.C |
| 100 ## - MAIN ENTRY--AUTHOR NAME | |
| Personal name | Choudhari, Shailendra sadashiv |
| 245 ## - TITLE STATEMENT | |
| Title | Cytogenetics and plant breeding / |
| 260 ## - PUBLICATION, DISTRIBUTION, ETC. (IMPRINT) | |
| Place of publication | Jaipur: |
| Name of publisher | Oxford book company, |
| Year of publication | c2024. |
| 300 ## - PHYSICAL DESCRIPTION | |
| Number of Pages | 296 p. |
| 942 ## - ADDED ENTRY ELEMENTS (KOHA) | |
| Source of classification or shelving scheme | Dewey Decimal Classification |
| Koha item type | Book |
| Withdrawn status | Lost status | Source of classification or shelving scheme | Damaged status | Not for loan | Home Library | Current Location | Shelving location | Date acquired | Full call number | Accession Number | Price effective from | Koha item type |
|---|---|---|---|---|---|---|---|---|---|---|---|---|
| Dewey Decimal Classification | Dept. of Botany | Dept. of Botany | General Stacks | 20/02/2026 | 576.5 CHO.C | BOT10934 | 20/02/2026 | Book |
